000 00665nmm a2200193Ia 4500
008 251105s9999||||xx |||||||||||||||||und||
041 _aspa
100 _aGonzález Castro, José Francisco
245 0 _aGriego I :
_b 1º Bachillerato
264 _a[Madrid, España] :
_bMinisterio de Educación, Cultura y Deporte de España,
_c2010
300 _a304 páginas
490 _aBachillerato a distancia
650 _aTeen & Young Adult Non Fiction
700 _aGonzález Castro, José Francisco
700 1 _a Pérez Pérez, Francisco Javier
700 1 _a Bernabé Pajares, Alberto
856 _uhttps://public.digitaliapublishing.com/a/14752
942 _cCF
999 _c66285
_d66285